[Event "LGA Premium Cup"]
[Site "schach.lga.de"]
[Date "2004.09.11"]
[Round "3"]
[White "Hepting, Heinrich"]
[Black "GM Prusikin"]
[Result "0-1"]
[WhiteElo "2206"]
[BlackElo "2517"]
[PlyCount "84"]
[EventDate "2004.09.11"]
[SourceDate "2004.09.10"]

1. b4 Nf6 2. Bb2 g6 3. g3 Bg7 4. Bg2 O-O 5. c4 d6 6. a4 e5 7. d3 a5 8. bxa5
Rxa5 9. Nd2 Nc6 10. c5 d5 11. Nb3 Ra6 12. e3 Bg4 13. Ne2 Qe7 14. Qd2 h5 15. h3
Be6 16. Nec1 Rfa8 17. a5 Nd7 18. f4 Nxc5 19. fxe5 Nxb3 20. Nxb3 Nxe5 21. O-O b6
22. axb6 Rxa1 23. Bxa1 cxb6 24. Nd4 Nd7 25. Kh2 Rc8 26. Bb2 Be5 27. Ne2 Qd6 28.
h4 Bxb2 29. Qxb2 Ne5 30. Qd4 Ng4+ 31. Kg1 Qc5 32. Rb1 Qc2 33. Rb2 Qd1+ 34. Bf1
Rc6 35. Ra2 Qe1 36. Qf4 Rc8 37. Rb2 Bf5 38. Rxb6 Bxd3 39. Rb8 Rxb8 40. Qxb8+
Kg7 41. Qb2+ Kh7 42. Qb7 Qf2+ 0-1

[Event "LGA Premium Cup"]
[Site "schach.lga.de"]
[Date "2004.09.11"]
[Round "3"]
[White "IM Dobosz, Henryk"]
[Black "Brem, Stephan"]
[Result "1-0"]
[WhiteElo "2453"]
[BlackElo "2158"]
[PlyCount "55"]
[EventDate "2004.09.11"]
[SourceDate "2004.09.10"]

1. e4 c5 2. Nf3 e6 3. d4 cxd4 4. Nxd4 Nf6 5. Nc3 d6 6. g4 Nc6 7. g5 Nd7 8. Be3
Be7 9. h4 O-O 10. Qh5 a6 11. O-O-O Nxd4 12. Bxd4 b5 13. Bd3 Bb7 14. Bxg7 e5 15.
Bxf8 Nxf8 16. Nd5 Ng6 17. Kb1 b4 18. Rhf1 a5 19. f4 a4 20. f5 Bxd5 21. exd5 Nf4
22. Rxf4 exf4 23. f6 Bxf6 24. Qxh7+ Kf8 25. gxf6 Qxf6 26. Rg1 Ke7 27. Qe4+ Qe5
28. Qxb4 1-0

[Event "LGA Premium Cup"]
[Site "schach.lga.de"]
[Date "2004.09.11"]
[Round "3"]
[White "FM Zesch, Ludwig"]
[Black "Steppuhn, Thomas"]
[Result "1-0"]
[WhiteElo "2308"]
[BlackElo "2151"]
[PlyCount "113"]
[EventDate "2004.09.11"]
[SourceDate "2004.09.10"]

1. e4 e6 2. d4 b6 3. Bd3 Bb7 4. Nf3 c5 5. c3 cxd4 6. cxd4 Nc6 7. a3 d6 8. Nc3
Nf6 9. O-O Be7 10. d5 exd5 11. exd5 Nb8 12. Bf4 O-O 13. Nd4 Nbd7 14. Rc1 Nxd5
15. Nxd5 Bxd5 16. Bxh7+ Kxh7 17. Qh5+ Kg8 18. Qxd5 Ne5 19. Rc3 Rc8 20. Rh3 Rc5
21. Qe4 Ng6 22. Be3 Qc8 23. b4 Re5 24. Qd3 Bf6 25. f4 Rd5 26. Qe4 Qc4 27. Rc1
Qa2 28. f5 Re5 29. Qf3 Qb2 30. Rd1 Nh4 31. Qf2 Qxf2+ 32. Kxf2 Nxf5 33. Bf4 Rd5
34. Rhd3 Rxd4 35. Rxd4 Nxd4 36. Bxd6 Rd8 37. Bc7 Rd7 38. Bf4 Ne6 39. Rxd7 Nxf4
40. Rxa7 Nd3+ 41. Ke3 Ne5 42. Ra8+ Kh7 43. Ke4 Kg6 44. Ra6 Nd7 45. Kd5 Bh4 46.
Kd6 Nf6 47. Rxb6 Bf2 48. Rc6 Ng4 49. Kc7+ Kf5 50. Rc2 Be1 51. h3 Bg3+ 52. Kb7
Ne5 53. b5 Ke6 54. a4 Kd5 55. a5 Nc4 56. Rxc4 Kxc4 57. a6 1-0

[Event "LGA Premium Cup"]
[Site "schach.lga.de"]
[Date "2004.09.11"]
[Round "3"]
[White "Stadler, Simon"]
[Black "FM Heimrath, Rainer"]
[Result "1-0"]
[WhiteElo "2179"]
[BlackElo "2293"]
[PlyCount "115"]
[EventDate "2004.09.11"]
[SourceDate "2004.09.10"]

1. d4 Nf6 2. c4 e6 3. g3 c5 4. d5 d6 5. Nc3 e5 6. Bg2 Na6 7. Nf3 Nc7 8. O-O a6
9. a4 Rb8 10. a5 Be7 11. Na4 Na8 12. Bd2 Nd7 13. Ne1 O-O 14. Nd3 b5 15. axb6
Naxb6 16. Ba5 Qe8 17. Nxb6 Nxb6 18. Qc2 f5 19. b4 e4 20. Nf4 g5 21. bxc5 dxc5
22. Rfb1 gxf4 23. Rxb6 Rxb6 24. Bxb6 fxg3 25. hxg3 Bd6 26. Ba5 Qg6 27. e3 h5
28. Bc3 Kf7 29. Kf1 h4 30. gxh4 Rg8 31. Bh3 Qh5 32. Ke1 Qxh4 33. Bf1 Rg1 34.
Bb2 Qh3 35. Qe2 Qh1 36. Kd2 f4 37. Bh3 Bxh3 38. Rxg1 Qxg1 39. Qh5+ Kf8 40. Qh8+
Ke7 41. Qxh3 Qxf2+ 42. Kd1 Qf3+ 43. Qxf3 exf3 44. e4 Bc7 45. Ke1 Ba5+ 46. Kf2
Bb4 47. Kxf3 a5 48. Kxf4 a4 49. Ke3 a3 50. Ba1 Be1 51. Kd3 Bf2 52. Kc2 Bd4 53.
Kb1 Kd6 54. Ka2 Ke5 55. Bxd4+ cxd4 56. Kxa3 d3 57. Kb2 Kxe4 58. Kc1 1-0

[Event "LGA Premium Cup"]
[Site "schach.lga.de"]
[Date "2004.09.11"]
[Round "3"]
[White "Röber, Jürgen"]
[Black "FM Seyb, Dieter"]
[Result "0-1"]
[WhiteElo "2047"]
[BlackElo "2285"]
[PlyCount "60"]
[EventDate "2004.09.11"]
[SourceDate "2004.09.10"]

1. e4 g6 2. d4 Bg7 3. Be3 d6 4. Bd3 c5 5. c3 cxd4 6. cxd4 Nf6 7. f3 O-O 8. Ne2
Nc6 9. Nbc3 e5 10. Qd2 d5 11. Nxd5 Nxd5 12. exd5 exd4 13. Bf2 Qxd5 14. Be4 Qe6
15. O-O Rd8 16. Bxc6 bxc6 17. Rfe1 Qd5 18. Bh4 f6 19. Nf4 Qf7 20. Qb4 g5 21.
Re7 Bf8 22. Rae1 gxf4 23. Bxf6 Bxe7 24. Bxe7 Re8 25. Qc5 Bf5 26. g4 fxg3 27.
hxg3 Bg6 28. f4 d3 29. f5 d2 30. Rd1 Qxe7 0-1

[Event "LGA Premium Cup"]
[Site "schach.lga.de"]
[Date "2004.09.11"]
[Round "3"]
[White "Lodes, Hermann"]
[Black "Koch, Moritz"]
[Result "0-1"]
[WhiteElo "2079"]
[BlackElo "2244"]
[PlyCount "70"]
[EventDate "2004.09.11"]
[SourceDate "2004.09.10"]

1. d4 Nf6 2. g3 g6 3. Bg2 d5 4. c4 Bg7 5. cxd5 Nxd5 6. Nf3 O-O 7. O-O Nc6 8. e4
Nb6 9. d5 Na5 10. Qc2 c6 11. dxc6 Nxc6 12. Rd1 Qe8 13. Be3 Be6 14. Ng5 Nb4 15.
Qd2 Bg4 16. Rc1 Nc6 17. Bxb6 axb6 18. Nc3 Rd8 19. Qf4 Ne5 20. h3 f6 21. hxg4
fxg5 22. Qxg5 h6 23. Qe3 Nxg4 24. Qxb6 Qf7 25. Rd1 Bd4 26. Qb3 e6 27. Rf1 Bxf2+
28. Kh1 Ne3 29. Rxf2 Qxf2 30. Qxe6+ Kh7 31. Qh3 Rd2 32. Rg1 Rxb2 33. a4 Rc2 34.
Nd5 Nxg2 35. Rxg2 Qf1+ 0-1

[Event "LGA Premium Cup"]
[Site "schach.lga.de"]
[Date "2004.09.11"]
[Round "3"]
[White "FM Eppinger, Georg"]
[Black "Trapp, Robert"]
[Result "1/2-1/2"]
[WhiteElo "2290"]
[BlackElo "2006"]
[PlyCount "31"]
[EventDate "2004.09.11"]
[SourceDate "2004.09.10"]

1. e4 d5 2. exd5 Qxd5 3. Nc3 Qa5 4. d4 c6 5. Bc4 Bf5 6. Qe2 Nf6 7. Nf3 e6 8.
O-O Be7 9. Ne5 Nbd7 10. Nxd7 Nxd7 11. Ne4 Bxe4 12. Qxe4 Nf6 13. Qe2 O-O 14. Bf4
Qh5 15. Rfe1 Qxe2 16. Rxe2 1/2-1/2

[Event "LGA Premium Cup"]
[Site "schach.lga.de"]
[Date "2004.09.11"]
[Round "3"]
[White "Rosenberger, Frank"]
[Black "Kordts, Florian"]
[Result "1-0"]
[WhiteElo "2208"]
[BlackElo "1698"]
[PlyCount "69"]
[EventDate "2004.09.11"]
[SourceDate "2004.09.10"]

1. e4 c5 2. Nf3 Nc6 3. d4 cxd4 4. Nxd4 g6 5. Nc3 Bg7 6. Be3 d6 7. Bc4 Nf6 8.
Bb3 O-O 9. f3 Bd7 10. Qd2 h5 11. h4 Rc8 12. O-O-O a6 13. Kb1 b5 14. Bh6 Qb6 15.
Nxc6 Bxc6 16. g4 Kh7 17. Bxg7 Kxg7 18. gxh5 Nxh5 19. Rhg1 f6 20. Rg2 Rh8 21.
Nd5 Qb7 22. Rdg1 Rh6 23. Nf4 Nxf4 24. Qxf4 Rch8 25. h5 Be8 26. hxg6 Rxg6 27.
Rxg6+ Bxg6 28. Qg4 Rh6 29. Qe6 Qb8 30. Qxe7+ Kh8 31. Qxf6+ Kh7 32. Bf7 Qf8 33.
Bxg6+ Rxg6 34. Qxg6+ Kh8 35. Rh1+ 1-0

[Event "LGA Premium Cup"]
[Site "schach.lga.de"]
[Date "2004.09.11"]
[Round "3"]
[White "Klein, Waldemar"]
[Black "FM Hirn, Oskar"]
[Result "0-1"]
[WhiteElo "2010"]
[BlackElo "2202"]
[PlyCount "139"]
[EventDate "2004.09.11"]
[SourceDate "2004.09.10"]

1. c4 Nf6 2. g3 e6 3. b3 d5 4. Bb2 c6 5. Bg2 Nbd7 6. Nf3 Bd6 7. O-O O-O 8. Qc2
Qe7 9. d4 b6 10. Nbd2 Bb7 11. Rfe1 Rac8 12. Rad1 Bb4 13. Qc1 dxc4 14. bxc4 c5
15. a3 Ba5 16. Rf1 cxd4 17. Nxd4 Bxg2 18. Kxg2 Ne5 19. N4b3 Bxd2 20. Nxd2 Nxc4
21. Nxc4 b5 22. Qf4 bxc4 23. Bxf6 Qxf6 24. Qxf6 gxf6 25. Rd7 a6 26. Rc1 Rc5 27.
Rc3 Rb8 28. Rd4 Rbc8 29. Rg4+ Kf8 30. Rh4 h5 31. Kf1 Ke7 32. e3 Kf8 33. Ke2 Kg7
34. Ke1 Kg6 35. Ke2 e5 36. h3 f5 37. a4 f6 38. Kd2 e4 39. f3 Rd8+ 40. Kc2 Re8
41. Rf4 exf3 42. Rxf3 Re4 43. Rf4 Rce5 44. h4 Rxe3 45. Rfxc4 R5e4 46. Kb3 f4
47. gxf4 Rxc3+ 48. Rxc3 Rxf4 49. Rc6 Rxh4 50. Rxa6 Re4 51. a5 Re8 52. Kc4 h4
53. Rd6 Kg5 54. a6 h3 55. Rd3 Kg4 56. Rd4+ Kg5 57. Rd3 Rh8 58. a7 h2 59. Rd1
Kg4 60. Rd4+ Kf3 61. Rd3+ Kf4 62. Rd4+ Kg5 63. Rd1 Kh4 64. Rd4+ Kg3 65. Rd3+
Kf4 66. Rd4+ Ke3 67. Rd3+ Ke2 68. a8=Q Rxa8 69. Rh3 Ra4+ 70. Kc3 0-1

[Event "LGA Premium Cup"]
[Site "schach.lga.de"]
[Date "2004.09.11"]
[Round "3"]
[White "Schmid, Dominik"]
[Black "Schneider, David"]
[Result "0-1"]
[WhiteElo "1877"]
[BlackElo "2092"]
[PlyCount "26"]
[EventDate "2004.09.11"]
[SourceDate "2004.09.10"]

1. d4 g6 2. e4 Bg7 3. Nf3 d6 4. c3 a6 5. Be3 c6 6. Be2 Nd7 7. Nbd2 b6 8. Nf1
Bb7 9. Ng3 Ngf6 10. Qc2 c5 11. Rd1 Qc7 12. Bg5 cxd4 13. Qd3 e5 0-1

[Event "LGA Premium Cup"]
[Site "schach.lga.de"]
[Date "2004.09.11"]
[Round "3"]
[White "Bildt, Thomas"]
[Black "Stürmer, Martin"]
[Result "1-0"]
[WhiteElo "2086"]
[BlackElo "1968"]
[PlyCount "75"]
[EventDate "2004.09.11"]
[SourceDate "2004.09.10"]

1. e4 c5 2. Nc3 Nc6 3. f4 e5 4. Nf3 exf4 5. Bc4 Nf6 6. d3 d6 7. Bxf4 Be7 8. Nd5
Nxd5 9. Bxd5 O-O 10. O-O Bf6 11. c3 Ne7 12. Bb3 Ng6 13. Bg3 Bg4 14. Qd2 Re8 15.
Bd5 Qb6 16. Ng5 Be6 17. Nxe6 fxe6 18. Bb3 Rad8 19. Rae1 Be5 20. Bf2 Qc7 21. d4
Bf4 22. Qe2 d5 23. g3 c4 24. Ba4 Bd6 25. Bxe8 Rxe8 26. exd5 e5 27. dxe5 Bxe5
28. d6 Qc6 29. Qe4 Qxd6 30. Qd5+ Kh8 31. Bd4 h6 32. Kg2 a6 33. Rf5 Re7 34. Qc5
Qd7 35. Rfxe5 Nxe5 36. Rxe5 Rf7 37. Qd5 Qc7 38. Bb6 1-0

[Event "LGA Premium Cup"]
[Site "schach.lga.de"]
[Date "2004.09.11"]
[Round "3"]
[White "Corral, Carlos"]
[Black "Seidel, Michael"]
[Result "1/2-1/2"]
[WhiteElo "1842"]
[BlackElo "2085"]
[PlyCount "39"]
[EventDate "2004.09.11"]
[SourceDate "2004.09.10"]

1. e4 d6 2. d4 Nf6 3. Nc3 g6 4. h3 Bg7 5. Be3 c6 6. Qd2 b5 7. a3 a6 8. Nge2
Nbd7 9. Bh6 Bxh6 10. Qxh6 Qb6 11. Qd2 Bb7 12. g3 c5 13. Bg2 b4 14. Nd5 Nxd5 15.
exd5 bxa3 16. bxa3 a5 17. O-O Ba6 18. Rfb1 Qc7 19. Nf4 cxd4 20. Ne6 1/2-1/2

[Event "LGA Premium Cup"]
[Site "schach.lga.de"]
[Date "2004.09.11"]
[Round "3"]
[White "Zier, Verena"]
[Black "Pühn, Georg"]
[Result "1/2-1/2"]
[WhiteElo "1572"]
[BlackElo "2066"]
[PlyCount "72"]
[EventDate "2004.09.11"]
[SourceDate "2004.09.10"]

1. d4 d5 2. c4 c6 3. Nc3 Nf6 4. Nf3 a6 5. e3 b5 6. cxd5 cxd5 7. Bd3 Bb7 8. O-O
e6 9. b3 Be7 10. Bb2 Nbd7 11. Rc1 O-O 12. Qc2 Rc8 13. Qb1 b4 14. Ne2 Bd6 15.
Ng3 Rxc1 16. Rxc1 Qb8 17. Rc2 Ne4 18. Qc1 f5 19. Nd2 Ndf6 20. f4 Qd8 21. Nf3
Nxg3 22. hxg3 Qe8 23. Qf1 Ng4 24. Qe2 h6 25. Nh2 Nxh2 26. Kxh2 a5 27. Kg1 Bc6
28. Bc1 Qd7 29. Bd2 Ra8 30. g4 g6 31. Qf3 Bb5 32. Bxb5 Qxb5 33. Be1 a4 34. gxf5
axb3 35. axb3 gxf5 36. Qh5 Qd3 1/2-1/2

[Event "LGA Premium Cup"]
[Site "schach.lga.de"]
[Date "2004.09.11"]
[Round "3"]
[White "Vogiatzis, Dimitrios"]
[Black "Yin, Zixiao"]
[Result "1-0"]
[WhiteElo "2065"]
[BlackElo "1683"]
[PlyCount "57"]
[EventDate "2004.09.11"]
[SourceDate "2004.09.10"]

1. e4 e5 2. Nf3 d6 3. Bc4 Be7 4. d4 exd4 5. Nxd4 Nf6 6. Nc3 Nc6 7. O-O O-O 8.
Re1 Nxd4 9. Qxd4 Be6 10. Bf1 Nd7 11. Nd5 c6 12. Nxe7+ Qxe7 13. Bf4 d5 14. exd5
cxd5 15. Qxd5 Qb4 16. Qd2 Qxb2 17. Rab1 Qxa2 18. Rxb7 Nf6 19. Rb5 Rfd8 20. Bd3
Qa6 21. Rg5 Bc4 22. Be5 Bxd3 23. cxd3 Re8 24. Ra1 Qb6 25. Rxg7+ Kxg7 26. Qg5+
Kf8 27. Bxf6 Rec8 28. Re1 Qe3 29. Qxe3 1-0

[Event "LGA Premium Cup"]
[Site "schach.lga.de"]
[Date "2004.09.11"]
[Round "3"]
[White "Schlötterer, Hermann"]
[Black "Zeitler, Hans-Jürgern"]
[Result "1-0"]
[WhiteElo "2049"]
[BlackElo "1870"]
[PlyCount "89"]
[EventDate "2004.09.11"]
[SourceDate "2004.09.10"]

1. d4 f5 2. g3 Nf6 3. Bg2 g6 4. c4 Bg7 5. Nh3 O-O 6. O-O d6 7. d5 Nbd7 8. Qc2
Ne5 9. b3 h6 10. Nf4 Qe8 11. Nd2 g5 12. Nd3 Nxd3 13. exd3 Nxd5 14. Bxd5+ e6 15.
Bxe6+ Bxe6 16. Bb2 Bxb2 17. Qxb2 Qh5 18. f4 Rae8 19. Rae1 Bd7 20. Qd4 Re2 21.
Rxe2 Qxe2 22. Rf2 Qd1+ 23. Nf1 Bc6 24. fxg5 hxg5 25. Qe3 f4 26. Qe6+ Kg7 27.
Qe7+ Rf7 28. Qxg5+ Kf8 29. Qg6 f3 30. Qh6+ Kg8 31. Qe3 Kf8 32. d4 d5 33. h4 Qb1
34. Qh6+ Ke7 35. cxd5 Bxd5 36. Qg5+ Kd6 37. Qe5+ Kc6 38. Kh2 Rf5 39. Qe7 Qd3
40. Ne3 Qxd4 41. Rc2+ Kb6 42. Nxf5 f2 43. Qxc7+ Ka6 44. Nxd4 f1=Q 45. Qd6+ 1-0

[Event "LGA Premium Cup"]
[Site "schach.lga.de"]
[Date "2004.09.11"]
[Round "3"]
[White "Weiß, Markus"]
[Black "Kirch, Daniel"]
[Result "1/2-1/2"]
[WhiteElo "1838"]
[BlackElo "2016"]
[PlyCount "61"]
[EventDate "2004.09.11"]
[SourceDate "2004.09.10"]

1. d4 g6 2. c4 Bg7 3. Nc3 d6 4. e4 e5 5. Nf3 Nc6 6. d5 Nce7 7. Be3 f5 8. g3 Nf6
9. Qc2 O-O 10. Bh3 f4 11. Bxc8 Qxc8 12. gxf4 Nh5 13. f5 gxf5 14. O-O-O fxe4 15.
Ng5 Nf4 16. Qxe4 Neg6 17. h4 Qf5 18. Rdg1 h6 19. Qxf5 Rxf5 20. Ne6 Nxe6 21.
Rxg6 Nf8 22. Rg2 Kh7 23. Rhg1 Rf7 24. Ne4 Nd7 25. Ng3 Nf6 26. Nf5 Nh5 27. Nxg7
Rxg7 28. Kd2 b6 29. Rxg7+ Nxg7 30. Kc3 Nf5 31. h5 1/2-1/2

[Event "LGA Premium Cup"]
[Site "schach.lga.de"]
[Date "2004.09.11"]
[Round "3"]
[White "Sörgel, Frank"]
[Black "Elster, Sebastian"]
[Result "1-0"]
[WhiteElo "2138"]
[BlackElo "1790"]
[PlyCount "47"]
[EventDate "2004.09.11"]
[SourceDate "2004.09.10"]

1. g3 d5 2. Nf3 Nd7 3. d4 e6 4. Bg2 Ngf6 5. O-O Bd6 6. c4 c6 7. b3 O-O 8. Bb2
Re8 9. Re1 Qc7 10. Nc3 Nf8 11. Rc1 Qe7 12. e4 dxe4 13. Nxe4 Nxe4 14. Rxe4 Ba3
15. Bxa3 Qxa3 16. Qc2 Ng6 17. Ne5 a5 18. c5 a4 19. Nc4 axb3 20. axb3 Qa2 21.
Qc3 Ne7 22. Ree1 Nd5 23. Bxd5 cxd5 24. Nd6 1-0

[Event "LGA Premium Cup"]
[Site "schach.lga.de"]
[Date "2004.09.11"]
[Round "3"]
[White "Kretschmer, Wolfgang"]
[Black "Lowitz, Torsten"]
[Result "0-1"]
[WhiteElo "1626"]
[BlackElo "2134"]
[PlyCount "62"]
[EventDate "2004.09.11"]
[SourceDate "2004.09.10"]

1. c4 c5 2. g3 Nc6 3. Bg2 g6 4. Nc3 Bg7 5. e3 d6 6. Nge2 e5 7. d3 Nge7 8. O-O
O-O 9. a3 a5 10. Nd5 Rb8 11. Nec3 Nxd5 12. Nxd5 Ne7 13. Nc3 Be6 14. e4 f5 15.
exf5 Nxf5 16. Ne4 b5 17. b3 h6 18. Bd2 Nd4 19. Rb1 Rf7 20. f4 Kh7 21. Qe1 a4
22. bxa4 bxc4 23. fxe5 Rxf1+ 24. Qxf1 Bxe5 25. Rxb8 Qxb8 26. dxc4 Qb3 27. Bc1
Bxc4 28. Nd2 Qe3+ 29. Qf2 Ne2+ 30. Kf1 Nxg3+ 31. Kg1 Bd4 0-1

[Event "LGA Premium Cup"]
[Site "schach.lga.de"]
[Date "2004.09.11"]
[Round "3"]
[White "Sippl, Martin"]
[Black "Schiller, Angel"]
[Result "1-0"]
[WhiteElo "2098"]
[BlackElo "1749"]
[PlyCount "71"]
[EventDate "2004.09.11"]
[SourceDate "2004.09.10"]

1. e4 c5 2. Nf3 d6 3. d4 cxd4 4. Nxd4 Nf6 5. Nc3 a6 6. Bg5 e6 7. f4 Be7 8. Qf3
Qc7 9. O-O-O Nbd7 10. g4 b6 11. Bd3 Bb7 12. Rhe1 O-O-O 13. Qe2 Nc5 14. Kb1 Nxd3
15. Rxd3 Kb8 16. f5 e5 17. Bxf6 gxf6 18. Nb3 Qc4 19. Nd2 Qc7 20. Nf1 Rd7 21.
Ne3 Qd8 22. Ncd5 Bf8 23. Rb3 b5 24. c4 Bh6 25. cxb5 a5 26. a4 Bxe3 27. Qxe3
Bxd5 28. exd5 Kb7 29. b6 h5 30. h3 hxg4 31. hxg4 Rh4 32. Qc3 Rxg4 33. Qc6+ Kb8
34. Rc1 Rg8 35. Qc7+ Ka8 36. b7+ 1-0

[Event "LGA Premium Cup"]
[Site "schach.lga.de"]
[Date "2004.09.11"]
[Round "3"]
[White "Birkmann, Günther"]
[Black "Ebenhöch, Daniel"]
[Result "1-0"]
[WhiteElo "2070"]
[BlackElo "1721"]
[PlyCount "80"]
[EventDate "2004.09.11"]
[SourceDate "2004.09.10"]

1. Nf3 Nf6 2. c4 c5 3. Nc3 g6 4. d4 cxd4 5. Nxd4 Bg7 6. g3 O-O 7. Bg2 Nc6 8.
O-O Qb6 9. Nc2 d6 10. b3 Bd7 11. Bb2 Rac8 12. e4 a6 13. Nd5 Nxd5 14. Bxg7 Kxg7
15. exd5 Ne5 16. Nd4 Qa7 17. a4 Qc5 18. a5 Qb4 19. h3 Qc3 20. Rc1 Qd3 21. Re1
g5 22. Re3 Qxd1+ 23. Rxd1 Rc5 24. Ra1 h5 25. Nf3 f6 26. Nxe5 fxe5 27. Bf1 g4
28. hxg4 hxg4 29. Be2 Kg6 30. f3 Kg5 31. f4+ exf4 32. gxf4+ Rxf4 33. Rxe7 Bf5
34. Rxb7 Be4 35. b4 Rc8 36. Rf1 Rxf1+ 37. Bxf1 Kf4 38. Rd7 Rh8 39. Bg2 Bd3 40.
c5 Kg3 1-0

[Event "LGA Premium Cup"]
[Site "schach.lga.de"]
[Date "2004.09.11"]
[Round "3"]
[White "Babichev, Vyacheslav"]
[Black "Vogiatzis, Joannis"]
[Result "0-1"]
[WhiteElo "1716"]
[BlackElo "2054"]
[PlyCount "137"]
[EventDate "2004.09.11"]
[SourceDate "2004.09.10"]

1. b4 d5 2. Bb2 Bg4 3. d3 e6 4. Nd2 Nf6 5. a3 Nbd7 6. Ngf3 c6 7. h3 Bh5 8. g4
Bg6 9. Nh4 Qc7 10. e3 e5 11. Be2 h6 12. Nxg6 fxg6 13. Nf3 g5 14. h4 gxh4 15.
Nxh4 Rh7 16. Nf3 g5 17. d4 e4 18. Ne5 Bd6 19. Nxd7 Qxd7 20. Kd2 O-O-O 21. c3
Kb8 22. a4 Ng8 23. Rg1 Rf7 24. Rg2 Rdf8 25. Qg1 Ne7 26. b5 Ng6 27. Ba3 Nh4 28.
bxc6 Qxc6 29. Bxd6+ Qxd6 30. Rh2 Rc7 31. Qg3 Qc6 32. Ra3 a6 33. a5 Nf3+ 34. Kc2
Nxh2 35. Qxh2 Qf6 36. Kd2 Kc8 37. Rb3 Rc6 38. Ke1 Qd6 39. Qg2 Qc7 40. Kd2 Qxa5
41. Kc2 Rcf6 42. Qg1 Qa2+ 43. Rb2 Qa4+ 44. Kb1 Rxf2 45. Qh1 R8f6 46. Ra2 Rb6+
47. Ka1 Qb3 48. Qe1 Rff6 49. Qc1 Rbc6 50. Ra3 Qb6 51. Ka2 Rf2 52. Qe1 Rcf6 53.
Rb3 Qc7 54. Rb2 Qh2 55. Qd1 b5 56. Ka3 Rg2 57. Qb3 Qd6+ 58. Ka2 Rff2 59. Qd1
Qh2 60. Ka3 Rxe2 61. Qf1 Rxb2 62. Qf5+ Kc7 63. Qf7+ Kc6 64. Qe8+ Kb6 65. Qd8+
Qc7 66. Qxc7+ Kxc7 67. c4 bxc4 68. Ka4 Rb3 69. Ka5 0-1

[Event "LGA Premium Cup"]
[Site "schach.lga.de"]
[Date "2004.09.11"]
[Round "3"]
[White "Monninger, Moritz"]
[Black "Koellner, Ulrich"]
[Result "1-0"]
[WhiteElo "2046"]
[BlackElo "1712"]
[PlyCount "63"]
[EventDate "2004.09.11"]
[SourceDate "2004.09.10"]

1. d4 Nf6 2. Bg5 d5 3. Bxf6 gxf6 4. Nc3 Nc6 5. Nf3 Bg4 6. e3 a6 7. Be2 e6 8. a3
Bd6 9. Qd2 Qe7 10. e4 dxe4 11. Nxe4 O-O-O 12. Qc3 f5 13. Ned2 Bf4 14. Nb3 e5
15. d5 Bxf3 16. Qxf3 Na7 17. Rd1 Kb8 18. g3 Bh6 19. Qxf5 Nc8 20. O-O Nd6 21.
Qh5 Qg5 22. Qxg5 Bxg5 23. Rfe1 h5 24. Bf1 f6 25. c4 h4 26. c5 hxg3 27. hxg3 Nf7
28. c6 b5 29. Nc5 Ka7 30. a4 Nd6 31. axb5 axb5 32. Ra1+ 1-0

[Event "LGA Premium Cup"]
[Site "schach.lga.de"]
[Date "2004.09.11"]
[Round "3"]
[White "Brassat, Jürgen"]
[Black "Süß, Stefan"]
[Result "0-1"]
[WhiteElo "1674"]
[BlackElo "2041"]
[PlyCount "60"]
[EventDate "2004.09.11"]
[SourceDate "2004.09.10"]

1. d4 Nf6 2. c4 g6 3. Nc3 d5 4. cxd5 Nxd5 5. e4 Nxc3 6. bxc3 Bg7 7. Bc4 c5 8.
Ne2 O-O 9. Be3 Nc6 10. O-O Bg4 11. f3 cxd4 12. cxd4 Na5 13. Bxf7+ Rxf7 14. fxg4
Rxf1+ 15. Kxf1 Qd6 16. e5 Qd7 17. g5 Rf8+ 18. Kg1 Kh8 19. Qe1 Nc4 20. Qg3 Qf5
21. Rc1 Qd3 22. Rxc4 Qxc4 23. Nf4 Qxa2 24. h4 Qb1+ 25. Kh2 Qf5 26. h5 gxh5 27.
Qh4 Qg4 28. Qxh5 Rxf4 29. Qxg4 Rxg4 30. Kh3 Re4 0-1

[Event "LGA Premium Cup"]
[Site "schach.lga.de"]
[Date "2004.09.11"]
[Round "3"]
[White "Kaspar, Willi"]
[Black "Reuschl, Stefan"]
[Result "0-1"]
[WhiteElo "2035"]
[BlackElo "1695"]
[PlyCount "56"]
[EventDate "2004.09.11"]
[SourceDate "2004.09.10"]

1. e4 e5 2. Nf3 Nf6 3. Nxe5 d6 4. Nxf7 Kxf7 5. Bc4+ d5 6. exd5 Bd6 7. O-O Bxh2+
8. Kxh2 Ng4+ 9. Kg3 Qd6+ 10. f4 h5 11. d3 Nd7 12. Nc3 Ndf6 13. Kh4 Nh6 14. Kg3
Nhg4 15. Nb5 h4+ 16. Kf3 Nh2+ 17. Ke2 Bg4+ 18. Rf3 Rhe8+ 19. Kf2 Qc5+ 20. Be3
Rxe3 21. d6+ Re6+ 22. d4 Qxc4 23. Nxc7 Rxd6 24. Nxa8 Rxd4 25. Qe2 Nxf3 26. gxf3
Bf5 27. Re1 Qxe2+ 28. Rxe2 Rc4 0-1

[Event "LGA Premium Cup"]
[Site "schach.lga.de"]
[Date "2004.09.11"]
[Round "3"]
[White "Horstmann, Uwe"]
[Black "Obernöder, Thomas"]
[Result "1-0"]
[WhiteElo "2006"]
[BlackElo "1660"]
[PlyCount "55"]
[EventDate "2004.09.11"]
[SourceDate "2004.09.10"]

1. e4 e6 2. d4 d5 3. e5 c5 4. c3 Qb6 5. a3 Bd7 6. Nf3 Bb5 7. Bd3 Bxd3 8. Qxd3
Nc6 9. O-O cxd4 10. cxd4 Nge7 11. Nc3 Ng6 12. Bd2 Qb3 13. Be3 Na5 14. Nd2 Qb6
15. b4 Nc6 16. f4 Qc7 17. Rac1 Qd7 18. f5 Ngxe5 19. dxe5 Nxe5 20. Qb1 d4 21.
fxe6 fxe6 22. Nf3 Nxf3+ 23. Rxf3 dxc3 24. Rxc3 e5 25. Qe4 Bd6 26. Rd3 Qe7 27.
Bg5 Qc7 28. Qd5 1-0

[Event "LGA Premium Cup"]
[Site "schach.lga.de"]
[Date "2004.09.11"]
[Round "3"]
[White "Luther, Hemut"]
[Black "Hestermann, Hans-Ludwig"]
[Result "1/2-1/2"]
[WhiteElo "1999"]
[BlackElo "1639"]
[PlyCount "54"]
[EventDate "2004.09.11"]
[SourceDate "2004.09.10"]

1. d4 d5 2. Nf3 Nf6 3. Bg5 e6 4. e3 Be7 5. Bd3 b6 6. Ne5 Bb7 7. Nd2 Nbd7 8. f4
h6 9. Bh4 O-O 10. Qf3 c5 11. c3 Rb8 12. g4 c4 13. Bc2 b5 14. a3 a5 15. Bg3 Ne4
16. Nxe4 dxe4 17. Bxe4 Bxe4 18. Qxe4 Nxe5 19. Qxe5 b4 20. axb4 axb4 21. f5 exf5
22. Qxb8 Qd5 23. O-O Rxb8 24. Bxb8 fxg4 25. Ra7 bxc3 26. bxc3 Bg5 27. Bf4 f6
1/2-1/2

[Event "LGA Premium Cup"]
[Site "schach.lga.de"]
[Date "2004.09.11"]
[Round "3"]
[White "Wehner, Veit"]
[Black "Thürauf, Peter"]
[Result "1/2-1/2"]
[WhiteElo "1626"]
[BlackElo "1999"]
[PlyCount "37"]
[EventDate "2004.09.11"]
[SourceDate "2004.09.10"]

1. d4 Nf6 2. c4 g6 3. Nc3 Bg7 4. e4 d6 5. f3 O-O 6. Be3 e5 7. d5 Nbd7 8. Qd2 a5
9. h4 Nh5 10. Nge2 f5 11. O-O-O f4 12. Bf2 b6 13. Nb5 Nc5 14. Kb1 Rf7 15. Nc1
Bf6 16. Qe1 Bd7 17. Nd3 Be8 18. Be2 Bg7 19. Bf1 1/2-1/2

[Event "LGA Premium Cup"]
[Site "schach.lga.de"]
[Date "2004.09.11"]
[Round "3"]
[White "Seyb, Alexander"]
[Black "Kretschmer, Lorenz"]
[Result "1-0"]
[WhiteElo "1973"]
[BlackElo "1626"]
[PlyCount "119"]
[EventDate "2004.09.11"]
[SourceDate "2004.09.10"]

1. e4 c5 2. Nf3 d6 3. d4 cxd4 4. Nxd4 Nf6 5. Nc3 a6 6. Be3 e5 7. Nb3 Be7 8. f3
Be6 9. g4 d5 10. g5 d4 11. gxf6 Bxf6 12. Bf2 dxc3 13. Qxd8+ Bxd8 14. bxc3 Nd7
15. Rg1 g6 16. Bd3 b5 17. a4 bxa4 18. Rxa4 a5 19. Kd2 Nb6 20. Rxa5 Nc4+ 21.
Bxc4 Bxa5 22. Bxe6 fxe6 23. Ra1 Rd8+ 24. Ke2 Bxc3 25. Ra7 Bd4 26. Nxd4 exd4 27.
Bh4 Rc8 28. Kd3 h6 29. Bf6 Rg8 30. Re7+ Kf8 31. Rxe6 Kf7 32. Rd6 Rc3+ 33. Kxd4
Rxc2 34. Ke3 Ra2 35. e5 Rga8 36. Rd7+ Ke8 37. Rg7 R2a7 38. Rxg6 Kf7 39. Rxh6
Ra3+ 40. Ke2 Ra2+ 41. Ke3 R2a3+ 42. Kf2 Ra2+ 43. Kg3 Rg8+ 44. Kf4 Rgg2 45. h4
Ra4+ 46. Kf5 Ra5 47. f4 Rg3 48. Rh7+ Kg8 49. Rd7 Rg1 50. Bg5 Rh1 51. Kf6 Ra6+
52. e6 Re1 53. f5 Rb1 54. Kg6 Rb8 55. h5 Re8 56. h6 Raxe6+ 57. fxe6 Rxe6+ 58.
Bf6 Rxf6+ 59. Kxf6 Kh8 60. Kg6 1-0